000 00891nam a2200277 i 4500
003 EG-GICUC
005 20260425080443.0
008 260425s1925 uk ||||fr|||| 001 0 eng d
040 _aEG-GiCUC
_beng
_cEG-GiCUC
_dEG-GiCUC
_eRda
082 0 4 _221
_a343.767
_bRU . P
092 0 4 _221
099 _aLaw1 10 343.767 RU . P 1925
100 1 _aRuggles-Brise,Evelyn
_eAuthor.
245 1 0 _aPrison Reform At Home And Abroad /
_cEvelyn Ruggles-Brise.
264 1 _aLondon :
_bMacmillan And Co., Limited,
_c1925.
300 _a200 page ;
_c 24 cm.
336 _2rda contenu
_a texte
337 _2rda medias
_aOrdinateur
338 _2 transporteur rda
_a Ressource en ligne
546 _aText in English
650 1 _aCriminal Law
650 1 _aPunitive Treatment Inside Prisons
856 4 0 _uhttps://fll.law.cu.edu.eg/fulltext/bks/B10-11149.pdf
905 _a59
942 _2ddc
_n0
_cBK
_e21
999 _c73300
_d73300